Terminal settlement (Record no. 117940)
[ view plain ]
| 000 -LEADER | |
|---|---|
| fixed length control field | 01505cam a2200253 4500 |
| 001 - CONTROL NUMBER | |
| control field | ABS68119 |
| 008 - FIXED-LENGTH DATA ELEMENTS--GENERAL INFORMATION | |
| fixed length control field | 040901n2004 000 0 eng u |
| 035 ## - SYSTEM CONTROL NUMBER | |
| System control number | (Sirsi) u127243 |
| 100 ## - MAIN ENTRY--PERSONAL NAME | |
| Personal name | Mackenzie, J. |
| 245 ## - TITLE STATEMENT | |
| Title | Terminal settlement |
| 260 ## - PUBLICATION, DISTRIBUTION, ETC. | |
| Date of publication, distribution, etc. | 2004 |
| 490 ## - SERIES STATEMENT | |
| Series statement | Journal of the Law Society of Scotland |
| Volume/sequential designation | 49(7) July 2004, 36-37(2) |
| 520 ## - SUMMARY, ETC. | |
| Summary, etc. | Features the emerging and alternative form of dispute resolution called Online Dispute Resolution (ODR). Many are seeing electronic communication as the answer to the problem of spiralling costs in the DR process. Gives details of the different types of ODR providers. These include Intersettle.co.uk which is a Scotish ODR Provider which uses an interactive online bidding system. Also looks at services offered in the USA where the traditional services of mediation, arbitration, negotiation and expert evaluation are more often done in the online context. Argues it is difficult to say how popular ODR will become. There are advantages such as streamlining of the service and the reduction in costs, but there may be greater difficulties than in the traditional methods for DR for recovering a case if it is badly pled as there is no real word in online procedure. |
| 590 ## - LOCAL NOTE (RLIN) | |
| Local note | ABS |
| 590 ## - LOCAL NOTE (RLIN) | |
| Local note | ABS |
| 650 ## - SUBJECT ADDED ENTRY--TOPICAL TERM | |
| Topical term or geographic name entry element | ONLINE DISPUTE RESOLUTION |
| 650 ## - SUBJECT ADDED ENTRY--TOPICAL TERM | |
| Topical term or geographic name entry element | SCOTLAND |
| 650 ## - SUBJECT ADDED ENTRY--TOPICAL TERM | |
| Topical term or geographic name entry element | BLIND BIDDING |
| 650 ## - SUBJECT ADDED ENTRY--TOPICAL TERM | |
| Topical term or geographic name entry element | ELECTRONIC DATA |
| 650 ## - SUBJECT ADDED ENTRY--TOPICAL TERM | |
| Topical term or geographic name entry element | UNITED STATES |
| 650 ## - SUBJECT ADDED ENTRY--TOPICAL TERM | |
| Topical term or geographic name entry element | COST REDUCTION |
| 690 ## - LOCAL SUBJECT ADDED ENTRY--TOPICAL TERM (OCLC, RLIN) | |
| Topical term or geographic name as entry element | DISPUTE RESOLUTION |
| 9 (RLIN) | 6236 |
| 942 ## - ADDED ENTRY ELEMENTS (KOHA) | |
| Suppress in OPAC | 0 |
| Withdrawn status | Lost status | Source of classification or shelving scheme | Damaged status | Not for loan | Home library | Current library | Shelving location | Date acquired | Total Checkouts | Full call number | Barcode | Date last seen | Copy number | Price effective from | Koha item type |
|---|---|---|---|---|---|---|---|---|---|---|---|---|---|---|---|
| Dewey Decimal Classification | London | London | Journal article | 02/09/2004 | ABS68119 | 127243-1001 | 06/08/2019 | 1 | 06/08/2019 | Journal article |